000 00854nam a22002057a 4500
003 OSt
005 20260227104415.0
008 231002b ||||| |||| 00| 0 eng d
040 _c0
082 _aDPer 658.3005 H880 February-November 2020 v. 23 n. 1-5
100 _aZea, Deyaniro Garcia.
_eauthor.
_949391
245 _aBrain drain in Venezuela :
_bthe scope of the human capital crisis /
_cDeyaniro Garcia Zea.
260 _aUnited Kingdom ;
_bTaylor & Francis Group ,
_cApril 2020.
300 _aVolume 23, pages 188-195 :
_billustration ;
_c25 cm.
500 _aHuman Resource Development International Enhancing, performance, learning and integrity, vol. 23, no. 2, pages 188-195, April 2020.
650 _aDeveloping countries.
_936208
650 _aHuman capital.
_912625
700 _aZea, Deyaniro Garcia.
_eauthor.
_949391
942 _2ddc
_cPER
999 _c18282
_d18282